Score 0/25 Timer 03:00
0 Plays Today
Hint Answer % Correct
Hillary ____ - US politicianClinton
99.3%
Barack ____ - US PresidentObama
96.7%
____ Swift - singerTaylor
93.9%
Jeb ____ - US politicianBush
93.6%
Kanye ____ - music artistWest
93%
Pope ____Francis
91.3%
____ Putin - President of RussiaVladimir
86.1%
Kim ____ - social media personalityKardashian
83.9%
Kim Jong ____ - Supreme Leader of North KoreaUn
78.2%
____ Merkel - Chancellor of GermanyAngela
78%
____ Castro - President of CubaRaúl
68.8%
Ruth Bader ____ - US Supreme Court JusticeGinsburg
67.3%
____ von Furstenberg - fashion designerDiane
57.8%
Hint Answer % Correct
____ Oliver - comedian and TV hostJohn
57.7%
Benjamin ____ - Prime Minister of IsraelNetanyahu
54.1%
____ Jinping - President of ChinaXi
50.8%
____ Garten - cooking host and authorIna
36.2%
____ Cox - actress and LGBT advocateLaverne
28.7%
Narendra ____ - Prime Minister of IndiaModi
13.7%
Malala ____ - human rights activistYousafzai
12.5%
____ Koenig - podcast host and producerSarah
11.8%
____ Murakami - authorHaruki
10.9%
Beji Caid ____ - President of TunisiaEssebsi
3.1%
Mohammad Javad ____ - Iranian diplomatZarif
2.4%
____ Sabeti - geneticistPardis
2.3%

Today's Daily Dose

You're not logged in!

Compare scores with friends on all Sporcle quizzes.
OR
Log In

Sporcle TV

Today on Sporcle TV


Watch our educational content, quiz creation guides, and fun videos on Sporcle TV.

Show Comments

Extras

Top Quizzes Today


Score Distribution

Paid Content

Your Account Isn't Verified!

In order to create a playlist on Sporcle, you need to verify the email address you used during registration. Go to your Sporcle Settings to finish the process.

Report this User

Report this user for behavior that violates our Community Guidelines.

Details: